LEADER 00789nam0-22003011i-450- 001 990001836440403321 005 20021010 035 $a000183644 035 $aFED01000183644 035 $a(Aleph)000183644FED01 035 $a000183644 100 $a20021010d--------km-y0itay50------ba 101 0 $aita 200 1 $a<>pesco a Spalliera$fV. Valvassori. 210 $as.l.$c...$d1890. 215 $a4 p.$cill.$d32 cm 300 $aEstr. da: Agricoltura illustrata, maggio 1890. 610 0 $aPesche 676 $a634.25 700 1$aValvassori,$bV.$0356569 801 0$aIT$bUNINA$gRICA$2UNIMARC 901 $aBK 912 $a990001836440403321 952 $a60 MISC. A 45/4$b$fFAGBC 959 $aFAGBC 996 $aPesco a Spalliera$9412326 997 $aUNINA DB $aING01 LEADER 00904nam0-22003251i-450 001 990000863500403321 005 20190523091447.0 010 $a0-632-01716-3 035 $a000086350 035 $aFED01000086350 035 $a(Aleph)000086350FED01 035 $a000086350 100 $a20001010d1987----km-y0itay50------ba 101 0 $aeng 105 $ay-------001yy 200 1 $aHeat conduction$fJ.M. Hill and J. N. Dewynne 210 $aOxford$cBlackwell Scientific Publications$d1987 215 $aIX, 334 p.$d25 cm 225 1 $aApplied mathematics and engineering science texts 676 $a536.23 700 1$aHill,$bJames M.$021758 702 1$aDewynne,$bJeffrey N. 801 0$aIT$bUNINA$gRICA$2UNIMARC 901 $aBK 912 $a990000863500403321 952 $a02 57 D 8$b6309$fFINBN 959 $aFINBN 996 $aHeat Conduction$9349133 997 $aUNINA DB $aING01